Catálogo

NORMAS Y PROCEDIMIENTOS DE AUDITORIA PARA ATESTIGUAR (Registro nro. 31107)

Detalles MARC
000 -LEADER
fixed length control field 00952nam a2200205 a 4500
001 - CONTROL NUMBER
control field 31107
005 - DATE AND TIME OF LATEST TRANSACTION
control field 20180713234444.0
008 - FIXED-LENGTH DATA ELEMENTS--GENERAL INFORMATION
fixed length control field 140415s2009 mx 000 0 spa d
020 ## - INTERNATIONAL STANDARD BOOK NUMBER
International Standard Book Number 6077620076
041 ## - LANGUAGE CODE
Language code of text/sound track or separate title spa
082 ## - DEWEY DECIMAL CLASSIFICATION NUMBER
Classification number 657.45
Item number INS
110 2# - MAIN ENTRY--CORPORATE NAME
Corporate name or jurisdiction name as entry element Instituto Mexicano de Contadores Públicos,.
245 10 - TITLE STATEMENT
Title NORMAS Y PROCEDIMIENTOS DE AUDITORIA PARA ATESTIGUAR
250 ## - EDITION STATEMENT
Edition statement 30A.
260 ## - PUBLICATION, DISTRIBUTION, ETC.
Place of publication, distribution, etc. MEXICO :
Name of publisher, distributor, etc. ANFECA,
Date of publication, distribution, etc. 2009
300 ## - PHYSICAL DESCRIPTION
Extent
Dimensions 11 x 4 x 17
500 ## - GENERAL NOTE
General note EL LIBRO INCLUYE APENDICE E INDICE ANALITICO.
520 ## - SUMMARY, ETC.
Summary, etc. LA PRESENTE EDICION INCLUYE LOS SIGUIENTES BOLETINES NUEVOS, BOLETIN 7040, EXAMEN Y APLICACION DE PROCEDIMIENTOS, CONVENIDOS SOBRE EL CUMPLIMIENTO DE DISPOSICIONES ESPECIFICAS, BOLETIN 7070 INFORME DEL CONTADOR PUBLICO SOBRE EL RESULTADO DE LA APLICACION DE DISPOSICIONES ESPECIFICAS. ASI MISMO APARECE EL SIGUIENTE BOLETIN ACTUALIZADO BOLETIN 4040 OTRAS OPINIONES DEL AUTOR.
650 14 - SUBJECT ADDED ENTRY--TOPICAL TERM
Topical term or geographic name entry element AUDITORIA
Existencias
Withdrawn status Lost status Source of classification or shelving scheme Damaged status Not for loan Collection code Home library Current library Shelving location Date acquired Source of acquisition Total Checkouts Full call number Barcode Date last seen Price effective from Koha item type
    Dewey Decimal Classification   Consulta en sala General Tehuacán Tehuacán Sala general 03/12/2013 Compra   657.45 INS 505758 08/01/2025 03/12/2013 Reserva permanente